000 01232nam a2200337 a 4500
001 vtls000076298
003 NLI
005 20210601193719.0
008 101125s1969 nyu 000 0 eng
020 _a0719003121 :
_cPND 4.00
039 9 _y201011250808
_zVLOAD
040 0 _aNLI
_beng
_cEntertech-2003
_eAACR2
041 1 _aeng
_hger
044 _anyu
082 0 4 _a149.94
100 1 _aSpecht, Ernst Konrad
_9179235
240 1 _aSprachphilosophischen und ontologischen Grundlagen im Spatwerk Ludwig Wittgensteins.
_lEnglish
245 1 4 _aThe foundations of Wittgenstein's late philosophy /
_cErnst konrad Specht ; translated [from the German] by D. E. Walford
260 _aNew York :
_bManchester University Press,
_cc1969
300 _aviii, 209 p. ;
_c22 cm.
500 _aTranslations of : Sprachphilosophischen und ontologischen Grundlagen im Spatwerk Ludwig Wittgensteins
504 _aBibliography : p. 191-209
600 1 0 _aWittgenstein, Ludwig,
_d1889-1951
_9138742
650 0 _aPhilosophy
_9160
700 1 _aWalford, D. E,
_4trl
_9179236
887 _a
901 _a435685
_b30.06.1977
902 _aE149.94S P31
949 _AVIRTUAITEM
_D10000
_X100
_6PUR000435685ENG
942 _2ddc
_cBKS
999 _aVIRTUA00
_c80296
_d80296